Catálogo público

Territorio y apropiación del espacio social en las tierras indias de Chiapas : (Record no. 104899)

MARC details
000 -CABECERA
campo de control de longitud fija 00905nam a2200277 a 4500
001 - NÚMERO DE CONTROL
campo de control 000108437
003 - IDENTIFICADOR DEL NÚMERO DE CONTROL
campo de control CHAP
005 - FECHA Y HORA DE LA ÚLTIMA TRANSACCIÓN
campo de control 20220329144012.0
008 - DATOS DE LONGITUD FIJA--INFORMACIÓN GENERAL
campo de control de longitud fija 140212s2013 mx a |r| |||0|||spa d
010 ## - NÚMERO DE CONTROL DE LA BIBLIOTECA DEL CONGRESO
Número de control de LC 104899
011 ## - ENLACE DEL NUMERO DE CONTROL DE LA BIBLIOTECA DEL CONGRESO [OBSOLETO]
Número de control de LC 105871
020 ## - NÚMERO INTERNACIONAL ESTÁNDAR DEL LIBRO
Número Internacional Estándar del Libro 9786071202895
040 ## - FUENTE DE LA CATALOGACIÓN
Centro/agencia transcriptor CHAP
082 04 - NÚMERO DE LA CLASIFICACIÓN DECIMAL DEWEY
Número de clasificación 303.4097275
Número de documento/Ítem L79
100 00 - ENTRADA PRINCIPAL--NOMBRE DE PERSONA
Nombre de persona Llanos Hernández, Luis.
9 (RLIN) 67265
245 10 - MENCIÓN DE TÍTULO
Título Territorio y apropiación del espacio social en las tierras indias de Chiapas :
Resto del título Ruptura y continuidades en los procesos de cambiosocial /
Mención de responsabilidad, etc. por Luis Llanos Hernandez.
260 ## - PUBLICACIÓN, DISTRIBUCIÓN, ETC.
Lugar de publicación, distribución, etc. Chapingo, México. :
Nombre del editor, distribuidor, etc. Universidad Autónoma Chapingo,
Fecha de publicación, distribución, etc. 2013.
300 ## - DESCRIPCIÓN FÍSICA
Extensión 226 p. :
Otras características físicas il.
590 ## - NOTA LOCAL (RLIN)
Nota local E5652GLJ
Procedencia (VM) [OBSOLETO] 05
Condición del los carretes individuales (VM) [OBSOLETO] 20140212
-- UCH01
-- 1320
650 14 - PUNTO DE ACCESO ADICIONAL DE MATERIA--TÉRMINO DE MATERIA
Término de materia o nombre geográfico como elemento de entrada Cambio social.
9 (RLIN) 17787
650 14 - PUNTO DE ACCESO ADICIONAL DE MATERIA--TÉRMINO DE MATERIA
Término de materia o nombre geográfico como elemento de entrada Conflictos sociales
Subdivisión geográfica Chiapas.
9 (RLIN) 125415
650 14 - PUNTO DE ACCESO ADICIONAL DE MATERIA--TÉRMINO DE MATERIA
Término de materia o nombre geográfico como elemento de entrada Territorios
Subdivisión general Aspectos sociales.
9 (RLIN) 124651
901 ## - ELEMENTOS DE DATOS A LOCAL LDA (RLIN)
a BK
942 ## - ELEMENTOS DE PUNTO DE ACCESO ADICIONAL (KOHA)
Tipo de ítem Koha Libro
942 ## - ELEMENTOS DE PUNTO DE ACCESO ADICIONAL (KOHA)
Suprimir en OPAC 0
Holdings
Estado de retiro Estado de pérdida Fuente del sistema de clasificación o colocación Estado dañado Restricciones de uso No para préstamo Código de colección Localización permanente Ubicación/localización actual Ubicación en estantería Fecha de adquisición Información codificada de la localización en otra ubicación Total de préstamos Signatura topográfica completa Código de barras Fecha visto por última vez Número de copia Precio válido a partir de Tipo de ítem Koha
    Dewey Decimal Classification   Préstamo 15 días   General Biblioteca Central Biblioteca Central Planta alta - Colección General 12/02/2014 LIBRO   303.4097275 L79 33724002399033 31/12/2019 c.2 31/12/2019 Libro
    Dewey Decimal Classification   Préstamo 15 días   General Biblioteca Central Biblioteca Central Planta alta - Colección General 20/03/2018 LIBRO   303.4097275 L79 33724002547074 31/12/2019 c.4 31/12/2019 Libro
    Dewey Decimal Classification   Préstamo 15 días   General Biblioteca Central Biblioteca Central Planta alta - Colección General 20/03/2018 LIBRO   303.4097275 L79 33724002547082 31/12/2019 c.3 31/12/2019 Libro
        Préstamo interno   Publicaciones UACh Biblioteca Central Biblioteca Central Planta alta - Área de Tesis - UACh 12/02/2014 LIBRO   303.4097275 L79 33724002398991 31/12/2019   12/02/2014 Libro
    Dewey Decimal Classification   Préstamo 15 días   General Centro Regional San Luis Acatlán Centro Regional San Luis Acatlán   27/07/2016 LIBRO   303.4097275 L79 02000000327 31/12/2019 c.2 27/07/2016 Libro
    Dewey Decimal Classification   Préstamo 15 días   General Centro Regional San Luis Acatlán Centro Regional San Luis Acatlán   27/07/2016 LIBRO   303.4097275 L79 02000000328 31/12/2019   27/07/2016 Libro